02211 2200433 4500001002100000005001500021035002000036007000300056008004100059020002200100040002200122082001400144084001600158090002200174100007600196245031600272250003200588300004900620650002000669700009700689700007300786700007600859700009100935700007701026700006401103700007301167700006001240700005701300700011301357700011701470850001201587264004001599336002101639337003001660338002301690999002201713990002201735990002001757INLIS00000000086106320210614013844 a0010-0621000598ta210505s2021 yoia g ind d a978-623-94395-3-8 aYOPDYOGbinderda04223a809.8 a809.8 SIT p aCB-D.11 2021-05780 aSiti Syariah,d1990-epenulistPahlawan literasi dari negeri tertinggal10aPara pejuang literasi :bantologi kisah pejuang literasi nusantara /cpenulis, Siti Syariah, Yusuf Ali Putro, Dimas Indiana Senja, Abduh Donny Safari, Gilang Nanda Permana Widodo, I Komang Arsana, Nita Juniarti, Muhammad Wasni, Fitri Yanti, Roudlotul Jannah, Megandidni Listy Indira, Ayu Rahmawati Kautsar Dieni aCetakan pertama, Maret 2021 ax, 193 halaman :bilustrasi, gambar ;c20 cm 4aKisah kehidupan0 aYusuf Ali Putro,d1981-epenulistMIsteri sudut senja: di antara kibaran cahaya sang pewarna0 aDimas Indiana SenjaepenulistTokoh aku yang berkelindan dengan buku0 aAbduh,d1994-epenulistTaufik Hidayat: pejuang literasi dari kota tape0 aGilang Nanda Permana Widodo,d2002-epenulistTiga serangkai: dengan buku asa tercapai0 aI Komang Arsana,d1981-epenulistGiat inovasi literasi berbuah prestasi0 aNita Juniarti,d1993-epenulistYang belia, yang ikut serta0 aMuhammad Wasni,d1988-epenulistFajar yang tak kunjung temukan pagi0 aFitri Yanti,d1987-epenulistLiterasi berbuah prestasi0 aRoudlotul Jannah,d1990-epenulistSebuah perjalanan0 aMegandidni Listy Indira,d1996-epenulistMembangkitkan kembali spirit Perpustakaan Baitul Hikmah Abbasiyyah0 aAyu Rahmawati Kautsar Dieni,d1997-epenulistMembangkitkan kembali spirit Perpustakaan Baitul Hikmah Abbasiyyah aYOPDYOG31aYogyakarta :bLokajaya Media,c2021 2rdacontentateks 2rdamediaatanpa perantara 2rdacarrieravolume aCB-D.11/2021-0578 aCB-D.11/2021-0578 a73309-PD/A.2025